Medios y campañas electorales: retos para la equidad /
Guardado en:
| Autor principal: | |
|---|---|
| Formato: | Texto |
| Etiquetas: |
Agregar Etiqueta
Sin Etiquetas, Sea el primero en etiquetar este registro!
|
MARC
| LEADER | 00000 a a2200000 04500 | ||
|---|---|---|---|
| 001 | 48746 | ||
| 003 | |||
| 040 | |||
| 100 | |a Rial, Juan | ||
| 245 | |a Medios y campañas electorales: |b retos para la equidad / |c Juan Rial | ||
| 773 | |a número19, (2015), páginas 217-224 | ||
| 999 | |c 20245 |d 20245 | ||
